000 00725nam a2200205 a 4500
005 20140412111324.0
008 000829s19uu xx 00 eng d
020 _a0-7534-0162-2
050 _aREF 030
_bW872 1999
100 _aO'Neill, Amanda
245 _aI wonder why vultures are bald :
_band other questions about birds /
_cAmanda O'Neill.
260 _aDanbury, Connecticut :
_bGrolier Inc,
_c1999.
300 _a32 p.
440 _aI wonder why
500 _aIncludes index
520 _aI Wonder Why Vultures Are Bald is jam-packed with fascinating facts about birds, from DO all birds sing?' to 'How do birds find their way?'.
650 _aEncyclopedias
650 _aQuestion and answers
999 _c104535
_d104535